Movies Quiz

Random Movies or Cartoons Quiz

Actors in the Toy Story Trilogy Quiz Stats

Quiz not verified by Sporcle

Also try: 4 Letter Movies
Challenge
Share
Tweet
Embed
Score 0/97 Timer 10:00
0 Plays Today
% Correct
Tom Hanks
94.2%
Tim Allen
86.9%
John Ratzenberger
54.8%
Joan Cusack
48.3%
Don Rickles
44%
Kelsey Grammer
39%
Wallace Shawn
38.2%
Michael Keaton
37.8%
Jim Varney
34%
Annie Potts
34%
Ned Beatty
32.4%
Wayne Knight
30.1%
John Morris
27.4%
Laurie Metcalf
27.4%
Woody Smith
26.6%
Whoopi Goldberg
25.9%
Jodi Benson
25.5%
Estelle Harris
25.1%
Timothy Dalton
23.9%
Bonnie Hunt
22.8%
R. Lee Ermey
21.6%
Blake Clark
21.2%
Jonathan Harris
20.8%
Andrew Stanton
20.1%
Joe Ranft
19.3%
Jeff Pidgeon
18.1%
Erik von Detten
17.8%
Jeff Garlin
17.4%
Kristen Schaal
16.6%
Jerome Ranft
14.7%
Richard Kind
14.3%
John Lasseter
12%
Lee Unkrich
10.8%
% Correct
Sam Lasseter
10%
Jack Angel
9.3%
Craig Good
8.5%
Sarah Freeman
8.1%
Hannah Unkrich
8.1%
Beatrice Miller
8.1%
Lori Alan
8.1%
Andi Peters
7.3%
Emily Hahn
7.3%
Penn Jillette
6.9%
Jan Rabson
6.9%
Bud Luckey
6.9%
Greg Berg
6.6%
Teddy Newton
6.6%
Debi Derryberry
6.2%
Mickie McGowan
6.2%
Laraine Newman
6.2%
Charlie Bright
5.8%
Phil Proctor
5.4%
Rodger Bumpass
5.4%
Bob Peterson
5.4%
Bill Farmer
5%
Sherry Lynn
5%
Mary Kay Bergman
5%
John Cygan
5%
Bob Bergen
4.6%
Jack Willis
4.6%
Kendall Cunningham
4.2%
Danielle Judovits
4.2%
Patrick Pinney
4.2%
Jessica Evans
4.2%
Amber Kroner
4.2%
Spencer Aste
3.9%
% Correct
Cody Dorkin
3.9%
Ryan O'Donohue
3.9%
Shane Sweet
3.9%
Jess Harnell
3.9%
Brianna Maiwand
3.9%
Aramé Scott
3.9%
Lisa Bradley
3.5%
Gregory Grudt
3.5%
Scott McAfee
3.5%
Corey Burton
3.5%
Rachel Davey
3.5%
Carlos Alazraqui
3.5%
Nicolette Little
3.1%
Danny Mann
3.1%
Sheryl Bernstein
2.7%
Carly Schroeder
2.7%
Madylin Sweeten
2.7%
Constantino Bravos
2.7%
Taiana Huff
2.7%
Brittany Levenbrown
2.3%
Pat Fraley
2.3%
Teresa Ganzel
2.3%
Leo Jergovic
2.3%
Theodore F. Kayser
2.3%
Colette Whitaker
1.9%
Adam Joshua Jastrow
1.9%
Gia Michailidis
1.9%
Nikolas Michailidis
1.9%
Colleen O'Shaughnessey
1.5%
James Kevin Ward
1.5%
Javier Fernández-Peña
0.8%

You're not logged in!

Compare scores with friends on all Sporcle quizzes.
Join for Free
OR
Log In

You Might Also Like...

Show Comments

Extras

Top Quizzes Today


Score Distribution

Your Account Isn't Verified!

In order to create a playlist on Sporcle, you need to verify the email address you used during registration. Go to your Sporcle Settings to finish the process.

Report this User

Report this user for behavior that violates our Community Guidelines.

Details: